Powierzchnia kontynentów - Statystyki

Ogólne statystyki
  • Ten quiz został rozwiązany 156 razy
  • Średni wynik to 5 z 7
Statystyki odpowiedzi
Kontynent Odpowiedź % Poprawnych
Azja 44,6
89%
Europa 10,5
82%
Australia 7,7
82%
Afryka 30,4
72%
Ameryka Południowa 17,8
68%
Ameryka Północna 24,2
68%
Antarktyda 13,2
63%
Nie znaleziono quizów pasujących do podanych kryteriów
Rozkład punktacji
Procent ludzi z każdym wynikiem
Percentyl według liczby udzielonych odpowiedzi
Twoja historia wyników
Nie rozwiązałeś tego quizu